000 01058nam a22002897a 4500
001 8226
003 FISKH
005 20250904095033.0
008 250904b cb ||||| |||| 00| 0 eng d
020 _a9780545734769
040 _aFISKH
_beng
_cFISKH
_dFISKH
050 _aDS481.G3 M386
082 _a954.03
100 _aMcGinty, Alice B.
245 _aGandhi :
_bA march to the sea /
_cby Alice B. McGinty : illustrated by Thomas Gonzales
260 _aNew York :
_bScholastic ,
_c2013.
300 _a40 unnumbered pages :
_bcolor illustrations ;
_c22 x 28cm.
505 _aO
520 _aRecreates Mohandas Gandhi's 24-day March to the Sea, from March 12 to April 5, 1930, which became a pivotal moment in India's quest to become an independent country no longer ruled by Great Britain.
521 8 _a600
_bLexile estimate
521 8 _aO
_bRaz-Plus
650 _aPeaceful protest
_vNon-fiction
650 _aMarch to the Sea
_vNon-fiction
700 _aGonzale, Thomas
_eIllustrator
942 _2ddc
_cBK
_n0
999 _c8226
_d8226